| 000 | 00368nam a22001337a 4500 | ||
|---|---|---|---|
| 020 | _a9781352010725 | ||
| 082 |
_a346.02 _bSTE |
||
| 100 | _aStephenson, Graham | ||
| 245 |
_aCore Statutes on Contract, Torts & Restitution 2020-2021 / _cGraham Stephenson |
||
| 260 |
_aLondon: _bRed Globe Press, _c2020. |
||
| 300 | _a332 p. | ||
| 563 | _aPB. | ||
| 942 |
_2ddc _cBK |
||
| 999 |
_c613785 _d613785 |
||